| 000 | 01345nam0a2200325 4500 | ||
|---|---|---|---|
| 001 | RU\NLR\bibl\396093 | ||
| 005 | 20260407075714.0 | ||
| 010 |
_a5-86465-215-6 _9300 |
||
| 021 |
_aRU _b2003-15896 _9737 |
||
| 035 | _a(NLR Aleph) 000390327 | ||
| 090 |
_a511484 _c511484 |
||
| 100 | _a20030505d2002 |||y0rusy50 ca | ||
| 101 | 0 | _arus | |
| 102 | _aRU | ||
| 105 | _ay ||||||||| | ||
| 200 | 1 |
_aПроблемы осуществления гражданских прав _eМежвуз. сб. науч. тр. _fМ-во образования Рос. Федерации, Самар. гос. ун-т _g[Отв. ред. С.В. Мартышкин и др.] |
|
| 210 |
_aСамара _cСамар. ун-т _d2002 |
||
| 215 |
_a234 с. _d20 |
||
| 320 | _aБиблиогр. в примеч. в конце ст | ||
| 606 | 0 |
_aСубъективные права _jСборники _yРоссийская Федерация _92292873 _3RU\NLR\auth\661373101 |
|
| 686 | _aХ623.03я43 | ||
| 686 | _aХ623.06я43 | ||
| 702 | 1 |
_aМартышкин _bС. В. _gСергей Викторович _4340 |
|
| 712 | 0 | 2 |
_4570 _aСамарский государственный университет _3RU\NLR\AUTH\884519 _9280558 |
| 801 | 0 |
_aRU _bNLR _c20030505 _gPSBO |
|
| 801 | 1 |
_aRU _bNLR _c20030505 |
|
| 942 | _cBOOK | ||
| 980 | _aNB | ||
| 980 | _aNBR | ||